Statistical analysis of counting processes
Gespeichert in:
| 1. Verfasser: | |
|---|---|
| Format: | Buch |
| Sprache: | Englisch |
| Veröffentlicht: |
Nueva York
Springer-Verlag
1982
|
| Schriftenreihe: | Lecture Notes in Mathematics, 12
|
| Schlagworte: | |
| Tags: |
Tag hinzufügen
Keine Tags, Fügen Sie den ersten Tag hinzu!
|
MARC
| LEADER | 00000nam a2200000 a 4500 | ||
|---|---|---|---|
| 001 | UCP0038 | ||
| 003 | CL-VaPUC | ||
| 008 | 990128e19820000US |||||||||||||||||eng|d | ||
| 082 | 0 | 4 | |a 519.5 |b JAC |2 21 |
| 100 | 0 | |a Jacobsen, Martin |e author |9 424867 | |
| 245 | 1 | 0 | |a Statistical analysis of counting processes |
| 300 | |a 226 p | ||
| 942 | |c BK | ||
| 945 | |d 19990128 00:00:00 |a crobeson | ||
| 260 | |a Nueva York |b Springer-Verlag |c 1982 | ||
| 650 | 0 | |a Procesos estocásticos |9 260364 | |
| 650 | 7 | |a TEORIA ASINTOTICA |2 CL-VaPUC |9 424868 | |
| 650 | 7 | |a PROCESO DE CONTEO MULTIVALUADO |2 CL-VaPUC |9 424869 | |
| 650 | 7 | |a INTEGRALES ESTOCASTICAS |2 CL-VaPUC |9 424870 | |
| 583 | |a last modification |c 19990128 00:00:00 |k Rodrigo Vera | ||
| 490 | 0 | |a Lecture Notes in Mathematics, 12 | |
| 999 | |c 278924 |d 278922 | ||
| 952 | |0 0 |1 0 |4 0 |6 519_500000000000000_JAC_1982 |7 0 |8 A |9 317741 |a BIBGIM |b BIBGIM |d 2019-11-20 |i 1320629 |o 519.5 JAC 1982 |p 1320629 |r 2025-01-15 |w 2019-11-20 |y BK |k EST | ||